Countries with Two E's - 3 Minute Run - Statistics

General Stats
  • This quiz has been taken 134 times
  • The average score is 11 of 26
Answer Stats
country % Correct
United States
82%
Sweden
66%
New Zealand
65%
United Arab Emirates
64%
Venezuela
64%
Netherlands
63%
Greece
60%
Eritrea
55%
Yemen
46%
Central African Republic
45%
Senegal
45%
Liechtenstein
44%
Bosnia & Herzegovina
41%
Equatorial Guinea
41%
Seychelles
41%
St Vincent and the Grenadines
38%
Belize
36%
Montenegro
36%
Papua New Guinea
35%
Sierra Leone
29%
São Tomé and Príncipe
19%
Côte d'Ivoire
12%
Cabo Verde
10%
Timor-Leste
6%
Greenland
5%
Palestine
4%
No matching quizzes found
Score Distribution
Percent of People with Each Score
Percentile by Number Answered
Your Score History
You have not taken this quiz